[Event "Topalov's Weapon Pt 2"]
[Site "SchemingMind.com"]
[Date "2007.06.03"]
[Round "-"]
[White "philman97401"]
[Black "lateknights"]
[Result "1-0"]
[WhiteCountry "USA"]
[BlackCountry "GBR"]
[WhiteElo "1893"]
[WhiteRD "113"]
[BlackElo "1651"]
[BlackRD "82"]
[GameID "107630"]

1. e4 e5 2. Nf3 Nc6 3. Bb5 a6 4. Ba4 Nf6 5. Bxc6 bxc6 6. Nxe5 Qe7 7. d4 d6 8. Nf3 Qxe4+ 9. Be3 Bg4 10. Nbd2 Qd5
11. c4 Qh5 12. Qa4 Bd7 13. O-O Be7 14. c5 O-O 15. Qa5 Rfc8 16. Rfe1 Bd8 17. Nf1 Ne4 18. Bf4 Qd5 19. Ne3 Qh5 20. Nf1 Qd5
21. Ne3 Qh5 22. Rad1 Bg4 23. Nxg4 Nxf2 24. Re8#
1-0

[Event "Topalov's Weapon Pt 2"]
[Site "SchemingMind.com"]
[Date "2007.06.04"]
[Round "-"]
[White "lateknights"]
[Black "philman97401"]
[Result "0-1"]
[WhiteCountry "GBR"]
[BlackCountry "USA"]
[WhiteElo "1584"]
[WhiteRD "79"]
[BlackElo "1906"]
[BlackRD "111"]
[GameID "107641"]

1. e4 e5 2. Nf3 Nc6 3. Bb5 a6 4. Ba4 Nf6 5. Nc3 b5 6. Bb3 d6 7. O-O Be7 8. d3 Na5 9. Be3 Nxb3 10. axb3 Bb7
11. Qd2 c5 12. Rfd1 Qc7 13. Ne2 O-O 14. c4 b4 15. Ng3 g6 16. Bh6 Rfd8 17. h3 Ne8 18. Ng5 Bxg5 19. Bxg5 f6 20. Bh6 Ng7
21. Qe2 Re8 22. Qg4 Bc8 23. Qf3 Qf7 24. Ne2 Ne6 25. Rac1 g5 26. Ng3 Nd4 27. Qe3 Qg6 28. Bxg5 fxg5 29. Re1 Nxb3 30. Rcd1 Nd4
31. Qd2 Bxh3 32. f3 Bd7 33. Ne2 g4 34. Rf1 Nxe2+ 35. Qxe2 gxf3
0-1

[Event "Topalov's Weapon Pt 2"]
[Site "SchemingMind.com"]
[Date "2007.06.05"]
[Round "-"]
[White "mooch"]
[Black "rabbit"]
[Result "0-1"]
[WhiteCountry "ENG"]
[BlackCountry "USA"]
[WhiteElo "1690"]
[WhiteRD "88"]
[BlackElo "2092"]
[BlackRD "77"]
[GameID "108041"]

1. e4 e5 2. Nf3 Nc6 3. Bb5 a6 4. Ba4 Nf6 5. O-O Nxe4 6. Bxc6 bxc6 7. Nxe5 Be7 8. d3 Nd6 9. Re1 O-O 10. Nf3 Bf6
11. c3 Rb8 12. Qc2 Re8 13. Rxe8+ Qxe8 14. Be3 Nf5 15. Qd2 Nxe3 16. fxe3 d5 17. d4 c5 18. b3 Bg4 19. Qf2 Qe4 20. Nbd2 Qd3
21. c4 cxd4 22. exd4 Bxf3 23. Nxf3 dxc4 24. Ne5 Qc3 25. Re1 cxb3 26. axb3 Re8 27. Nf3 Rxe1+ 28. Qxe1 Qxe1+ 29. Nxe1 Bxd4+ 30. Kf1 f6
31. b4 c5 32. bxc5 Bxc5 33. Ke2 a5 34. Nc2 Bd6 35. h3 Kf7 36. g4 Ke6 37. Ke3 a4 38. Ke4 a3 39. h4 a2 40. g5 fxg5
41. hxg5 Be5
0-1

[Event "Topalov's Weapon Pt 2"]
[Site "SchemingMind.com"]
[Date "2007.06.05"]
[Round "-"]
[White "rabbit"]
[Black "mooch"]
[Result "1-0"]
[WhiteCountry "USA"]
[BlackCountry "ENG"]
[WhiteElo "2084"]
[WhiteRD "73"]
[BlackElo "1694"]
[BlackRD "83"]
[GameID "108053"]

1. e4 e5 2. Nf3 Nc6 3. Bb5 a6 4. Ba4 b5 5. Bb3 Bc5 6. c3 Qf6 7. a4 Na5 8. Bc2 b4 9. d4 exd4 10. cxd4 Be7
11. O-O Qb6 12. d5 Bc5 13. Qd3 Bb7 14. Bg5 f6 15. Bf4 d6 16. Bg3 Ne7 17. Nbd2 Ng6 18. Nh4 Ne5 19. Bxe5 dxe5 20. Nb3 Nxb3
21. Bxb3 O-O-O 22. a5 Qd6 23. Nf5 Qf8 24. Qc4 h5 25. Rfc1 Bd6 26. Nxd6+ Qxd6 27. Ra4 c5 28. dxc6 Qxc6 29. Qe6+ Kb8 30. Rxc6 Bxc6
31. Qxc6 Rd4 32. Qb6+
1-0

[Event "Topalov's Weapon Pt 2"]
[Site "SchemingMind.com"]
[Date "2007.06.09"]
[Round "-"]
[White "Kenny Elliott"]
[Black "David Hartley"]
[Result "0-1"]
[WhiteCountry "USA"]
[BlackCountry "ENG"]
[WhiteElo "1523"]
[WhiteRD "82"]
[BlackElo "1925"]
[BlackRD "80"]
[GameID "108297"]

1. e4 e5 2. Nf3 Nc6 3. Bb5 a6 4. Ba4 b5 5. Bb3 Bc5 6. O-O Qe7 7. Bd5 Bb7 8. c3 Nf6 9. Re1 O-O 10. d4 exd4
11. cxd4 Bb6 12. Bg5 Qb4 13. Bxf6 gxf6 14. Bxc6 Bxc6 15. d5 Bb7 16. b3 Rae8 17. Nbd2 c6 18. a3 Qc5 19. Rf1 cxd5
0-1

[Event "Topalov's Weapon Pt 2"]
[Site "SchemingMind.com"]
[Date "2007.06.07"]
[Round "-"]
[White "David Hartley"]
[Black "Kenny Elliott"]
[Result "1-0"]
[WhiteCountry "ENG"]
[BlackCountry "USA"]
[WhiteElo "1925"]
[WhiteRD "80"]
[BlackElo "1523"]
[BlackRD "82"]
[GameID "108304"]

1. e4 e5 2. Nf3 Nc6 3. Bb5 a6 4. Ba4 b5 5. Bb3 Bb7 6. O-O Nf6 7. d3 h6 8. c3 Bc5 9. Bc2 O-O 10. h3 Ne7
11. Nxe5 d6 12. Nf3 Ng6 13. Be3 Bxe3 14. fxe3 Nh5 15. Qe1 Re8 16. Nbd2 Qd7 17. Qf2 Re7 18. Bd1 Nf6 19. Nh4 Nxh4 20. Qxh4
1-0

[Event "Topalov's Weapon Pt 2"]
[Site "SchemingMind.com"]
[Date "2007.06.18"]
[Round "-"]
[White "jtrochez1"]
[Black "marble"]
[Result "0-1"]
[WhiteCountry "HON"]
[BlackCountry "ENG"]
[WhiteElo "1549"]
[WhiteRD "50"]
[BlackElo "1674"]
[BlackRD "59"]
[GameID "109621"]

1. e4 e5 2. Nf3 Nc6 3. Bb5 a6 4. Ba4 Nf6 5. d3 b5 6. Bb3 Be7 7. a3 h6 8. Bd2 O-O 9. h3 Bb7 10. Nc3 b4
0-1

[Event "Topalov's Weapon Pt 2"]
[Site "SchemingMind.com"]
[Date "2007.06.21"]
[Round "-"]
[White "cnbcad"]
[Black "ivan"]
[Result "0-1"]
[WhiteCountry "USA"]
[BlackCountry "CRO"]
[WhiteElo "1536"]
[WhiteRD "56"]
[BlackElo "1651"]
[BlackRD "75"]
[GameID "110249"]

1. e4 e5 2. Nf3 Nc6 3. Bb5 a6 4. Ba4 b5 5. Bb3 Nf6 6. d3 h6 7. c4 Bb4+ 8. Bd2 d6 9. a3 Bc5 10. O-O Bg4
11. h3 Bh5 12. Be3 Bd4 13. Bxd4 Bxf3 14. Qxf3 Nxd4 15. Qd1 O-O 16. Nd2 Nd7 17. cxb5 axb5 18. Bd5 c6 19. Ba2 Nc5 20. b4 Nxd3
21. Nb1 Nf4 22. Nc3 Qg5 23. Qg4 Qxg4 24. hxg4 Nfe2+ 25. Nxe2 Nxe2+
0-1

[Event "Topalov's Weapon Pt 2"]
[Site "SchemingMind.com"]
[Date "2007.06.25"]
[Round "-"]
[White "martin_"]
[Black "Ilang"]
[Result "0-1"]
[WhiteCountry "GER"]
[BlackCountry "HUN"]
[WhiteElo "1297"]
[WhiteRD "56"]
[BlackElo "2217"]
[BlackRD "78"]
[GameID "110250"]

1. e4 e5 2. Nf3 Nc6 3. Bb5 a6 4. Ba4 Nf6 5. O-O Be7 6. Re1 b5 7. Bb3 d6 8. c3 O-O 9. h3 Na5 10. Bc2 c5
11. d4 Nd7 12. Nbd2 cxd4 13. cxd4 Nc6 14. d5 Nb4 15. Bb1 a5
0-1

[Event "Topalov's Weapon Pt 2"]
[Site "SchemingMind.com"]
[Date "2007.06.21"]
[Round "-"]
[White "ivan"]
[Black "cnbcad"]
[Result "1-0"]
[WhiteCountry "CRO"]
[BlackCountry "USA"]
[WhiteElo "1651"]
[WhiteRD "75"]
[BlackElo "1536"]
[BlackRD "56"]
[GameID "110258"]

1. e4 e5 2. Nf3 Nc6 3. Bb5 a6 4. Ba4 d6 5. d4 exd4 6. Nxd4 Bd7 7. Nxc6 Bxc6 8. Bxc6+ bxc6 9. O-O Nf6 10. Bg5 h6
11. Bh4 Be7 12. Nc3 d5 13. exd5 cxd5 14. Bxf6 Bxf6 15. Nxd5 O-O 16. Nxf6+ Qxf6 17. b3 Rad8 18. Qe2 Rfe8 19. Qc4 Rd4 20. Qxc7 Rde4
21. Qa5 R8e5 22. Qd2 Re2 23. Qc3 Re6 24. Qxf6 Rxf6 25. c4
1-0

[Event "Topalov's Weapon Pt 2"]
[Site "SchemingMind.com"]
[Date "2007.06.25"]
[Round "-"]
[White "Ilang"]
[Black "martin_"]
[Result "1-0"]
[WhiteCountry "HUN"]
[BlackCountry "GER"]
[WhiteElo "2217"]
[WhiteRD "78"]
[BlackElo "1297"]
[BlackRD "56"]
[GameID "110259"]

1. e4 e5 2. Nf3 Nc6 3. Bb5 a6 4. Ba4 b5 5. Bb3 Bc5 6. O-O Nf6 7. a4 Bb7 8. d3 O-O 9. Nc3 d6 10. axb5 axb5
11. Rxa8 Qxa8 12. Nxb5 Bb6 13. Bg5
1-0

[Event "Topalov's Weapon Pt 2"]
[Site "SchemingMind.com"]
[Date "2007.07.15"]
[Round "-"]
[White "marble"]
[Black "David Hartley"]
[Result "0-1"]
[WhiteCountry "ENG"]
[BlackCountry "ENG"]
[WhiteElo "1679"]
[WhiteRD "56"]
[BlackElo "1892"]
[BlackRD "75"]
[GameID "112361"]

1. e4 e5 2. Nf3 Nc6 3. Bb5 a6 4. Ba4 Nf6 5. O-O Nxe4 6. d4 b5 7. Bb3 d5 8. dxe5 Be6 9. Nbd2 Nc5 10. c3 d4
11. Bxe6 Nxe6 12. cxd4 Ncxd4 13. a4 Be7 14. Nxd4 Nxd4 15. axb5 axb5 16. Rxa8 Qxa8 17. Nb3 Nxb3 18. Qxb3 c6 19. Be3 O-O 20. Rc1 Kh8
21. h3 Qb7 22. Bf4 Qd7 23. Rd1 Qf5 24. Qe3 Ra8 25. Qd2 h6 26. Qe3 c5 27. Bg3 b4 28. b3 Ra3 29. Rd5 c4 30. Qc1 c3
31. Rb5 Rxb3 32. Kh2 c2 33. e6 Qxb5 34. Qxc2 Rc3 35. Qd2 fxe6 36. Qf4 b3
0-1

[Event "Topalov's Weapon Pt 2"]
[Site "SchemingMind.com"]
[Date "2007.07.15"]
[Round "-"]
[White "David Hartley"]
[Black "marble"]
[Result "1-0"]
[WhiteCountry "ENG"]
[BlackCountry "ENG"]
[WhiteElo "1892"]
[WhiteRD "75"]
[BlackElo "1679"]
[BlackRD "56"]
[GameID "112369"]

1. e4 e5 2. Nf3 Nc6 3. Bb5 a6 4. Ba4 Nf6 5. O-O b5 6. Bb3 d6 7. Re1 Be7 8. c3 O-O 9. h3 Bb7 10. d4 Re8
11. Nbd2 exd4 12. cxd4 Na5 13. Bc2 c5 14. d5 c4 15. b4 c3 16. Nb1 Rc8 17. bxa5 Qxa5 18. Nd4 h6 19. Re3 b4 20. Rg3 g5
21. h4 Nh7 22. Qh5 Qd8 23. e5 dxe5 24. Bxh7+ Kxh7 25. Nf5 Bf8 26. Bxg5 Qb6 27. Qxf7+
1-0

[Event "Topalov's Weapon Pt 2"]
[Site "SchemingMind.com"]
[Date "2007.08.10"]
[Round "-"]
[White "ghanafeast"]
[Black "Ilang"]
[Result "0-1"]
[WhiteCountry "GER"]
[BlackCountry "HUN"]
[WhiteElo "1611"]
[WhiteRD "94"]
[BlackElo "2264"]
[BlackRD "75"]
[GameID "115328"]

1. e4 e5 2. Nf3 Nc6 3. Bb5 a6 4. Ba4 Nf6 5. d4 exd4 6. Nxd4 Nxd4 7. Qxd4 b5 8. Bb3 Qe7 9. O-O c5 10. Qe3 c4
11. e5 Nd5 12. Qe4 Qe6 13. Nc3 Nc7 14. Ba4 bxa4 15. Nxa4 Rb8 16. Bf4 Bb7 17. Qd4 Qc6 18. f3 Ne6 19. Qa7 Ra8 20. Qb6 Bc5+
21. Qxc5 Nxc5 22. Nc3 Qb6 23. Nd1 O-O 24. a4 a5 25. Kh1 f6 26. exf6 Rxf6 27. Be3 Re8 28. Bf2 Re2 29. c3 Rxf3 30. gxf3 Bxf3+
31. Kg1 Qg6+ 32. Bg3 Rg2+
0-1

[Event "Topalov's Weapon Pt 2"]
[Site "SchemingMind.com"]
[Date "2007.08.10"]
[Round "-"]
[White "Ilang"]
[Black "ghanafeast"]
[Result "1-0"]
[WhiteCountry "HUN"]
[BlackCountry "GER"]
[WhiteElo "2224"]
[WhiteRD "76"]
[BlackElo "1605"]
[BlackRD "119"]
[GameID "115335"]

1. e4 e5 2. Nf3 Nc6 3. Bb5 a6 4. Ba4 Bc5 5. O-O Nf6 6. c3 b5 7. Bc2 Bb7 8. d4 Bd6 9. Nbd2 O-O 10. Nb3 Ne7
11. dxe5 Nxe4 12. Re1 Bc5 13. Bxe4 Bxe4 14. Rxe4 Ba7 15. Bg5 h6 16. Bh4 Re8 17. Rg4 Qb8 18. Qxd7 Ng6 19. Rxg6 Kh7 20. Qxf7 Rg8
21. Rxh6+ Kxh6 22. Bg5+ Kh7 23. Qh5#
1-0

[Event "Topalov's Weapon Pt 2"]
[Site "SchemingMind.com"]
[Date "2007.08.07"]
[Round "-"]
[White "rabbit"]
[Black "ivan"]
[Result "1-0"]
[WhiteCountry "USA"]
[BlackCountry "CRO"]
[WhiteElo "2092"]
[WhiteRD "77"]
[BlackElo "1681"]
[BlackRD "70"]
[GameID "115566"]

1. e4 e5 2. Nf3 Nc6 3. Bb5 a6 4. Ba4 b5 5. Bb3 d6 6. Nc3 Nf6 7. Ng5 Be6 8. Nxe6 fxe6 9. Bxe6 Nd4 10. Bh3 Be7
11. d3
1-0

[Event "Topalov's Weapon Pt 2"]
[Site "SchemingMind.com"]
[Date "2007.08.13"]
[Round "-"]
[White "philman97401"]
[Black "dadshane2000"]
[Result "1/2-1/2"]
[WhiteCountry "USA"]
[BlackCountry "USA"]
[WhiteElo "1906"]
[WhiteRD "111"]
[BlackElo "1881"]
[BlackRD "69"]
[GameID "115838"]

1. e4 e5 2. Nf3 Nc6 3. Bb5 a6 4. Ba4 Nf6 5. Bxc6 dxc6 6. d3 Nd7 7. Nbd2 Be7 8. Nc4 f6 9. Nh4 O-O 10. f4 exf4
11. Bxf4 g5 12. Nf5 gxf4 13. Qg4+ Kf7 14. Qh5+ Kg8 15. Qg4+=
1/2-1/2

[Event "Topalov's Weapon Pt 2"]
[Site "SchemingMind.com"]
[Date "2007.08.14"]
[Round "-"]
[White "dadshane2000"]
[Black "philman97401"]
[Result "0-1"]
[WhiteCountry "USA"]
[BlackCountry "USA"]
[WhiteElo "1874"]
[WhiteRD "71"]
[BlackElo "1935"]
[BlackRD "111"]
[GameID "115846"]

1. e4 e5 2. Nf3 Nc6 3. Bb5 a6 4. Ba4 d6 5. O-O f5 6. d4 fxe4 7. Nfd2 b5 8. Bb3 Nxd4 9. Bd5 Bg4 10. f3 exf3
11. gxf3 Bh3 12. Rf2 c6 13. Bxg8 Rxg8 14. Ne4 Be7 15. Be3 Nf5 16. Re2 Nxe3 17. Rxe3 g5 18. Nf2 Qb6 19. Qe2 Qd4 20. c3 g4
21. cxd4 gxf3+ 22. Kh1 Bg2+ 23. Kg1 fxe2 24. Rxe2 Bf3+ 25. Kf1 Bxe2+ 26. Kxe2 exd4 27. Nd2 Kd7 28. Nf3 c5 29. b3 Rae8
0-1

[Event "Topalov's Weapon Pt 2"]
[Site "SchemingMind.com"]
[Date "2007.10.05"]
[Round "-"]
[White "philman97401"]
[Black "David Hartley"]
[Result "1-0"]
[WhiteCountry "USA"]
[BlackCountry "ENG"]
[WhiteElo "1963"]
[WhiteRD "111"]
[BlackElo "1860"]
[BlackRD "76"]
[GameID "122644"]

1. e4 e5 2. Nf3 Nc6 3. Bb5 a6 4. Ba4 Nf6 5. Bxc6 dxc6 6. d3 Bd6 7. Nbd2 O-O 8. Nc4 Re8 9. O-O Bg4 10. h3 Bh5
11. b3 Nd7 12. Bb2 f6 13. Ne3 b5 14. Nf5 Bg6 15. N3h4 Nf8 16. Nxg6 Nxg6 17. Qg4 Rf8 18. h4 Rf7 19. h5 Qd7 20. hxg6 hxg6
21. Qxg6 Bc5 22. d4 exd4 23. Rad1 Qe6 24. Nh6+
1-0

[Event "Topalov's Weapon Pt 2"]
[Site "SchemingMind.com"]
[Date "2007.10.05"]
[Round "-"]
[White "David Hartley"]
[Black "philman97401"]
[Result "1-0"]
[WhiteCountry "ENG"]
[BlackCountry "USA"]
[WhiteElo "1875"]
[WhiteRD "76"]
[BlackElo "1922"]
[BlackRD "111"]
[GameID "122650"]

1. e4 e5 2. Nf3 Nc6 3. Bb5 a6 4. Ba4 Bc5 5. O-O b5 6. Bb3 d6 7. c3 Nf6 8. d3 Be6 9. Bxe6 fxe6 10. h3 d5
11. Bg5 dxe4 12. dxe4 Qxd1 13. Rxd1 Nxe4 14. Bh4 h6 15. Re1 Nf6 16. Nxe5 Ne7 17. Nd3 Bd6 18. Rxe6 Kf7 19. Re2 g5 20. Bg3 Bxg3
21. fxg3 Nf5 22. Kh2 Rhe8 23. Rf2 Kg6 24. g4 Nd6 25. Nd2 Nfe4 26. Nxe4 Nxe4 27. Re2 a5 28. Rae1 Nd6 29. Re6+ Kf7 30. Rxh6 Rxe1
31. Nxe1 Re8 32. Nf3
1-0

[Event "Topalov's Weapon Pt 2"]
[Site "SchemingMind.com"]
[Date "2007.11.19"]
[Round "-"]
[White "David Hartley"]
[Black "Ilang"]
[Result "0-1"]
[WhiteCountry "ENG"]
[BlackCountry "HUN"]
[WhiteElo "1876"]
[WhiteRD "77"]
[BlackElo "2287"]
[BlackRD "83"]
[GameID "129272"]

1. e4 e5 2. Nf3 Nc6 3. Bb5 a6 4. Ba4 Nf6 5. O-O Be7 6. Re1 b5 7. Bb3 d6 8. c3 O-O 9. h3 Na5 10. Bc2 c5
11. d4 Qc7 12. Nbd2 cxd4 13. cxd4 Nc6 14. Nb3 a5 15. Be3 a4 16. Nbd2 Bd7 17. Rc1 Rac8 18. Nf1 Qb8 19. Ng3 Rfe8 20. Bb1 Bd8
21. d5 Na5 22. Bd3 Nc4 23. Qe2 Nxe3 24. Qxe3 Ba5 25. Rxc8 Rxc8 26. Rc1 Rxc1+ 27. Qxc1 Kf8 28. Nh4 Qc7 29. Qxc7 Bxc7 30. Kf1 g6
31. Nf3 Bb6 32. Ke2 Ke7 33. Nd2 Ne8 34. f3 Nc7 35. b4 f5 36. a3 f4 37. Ngf1 h5 38. Nb1 Kf6 39. Kd1 g5 40. Be2 Bd4
41. Kc2 Bg1 42. Kd2 Bf2 43. Kc2 Bd4 44. Kd3 Nxd5 45. exd5 Bf5+ 46. Kd2 Bxb1 47. Bxb5 e4 48. Ke2 e3 49. Bxa4 Ba2 50. Kd3 Bc4+
0-1

[Event "Topalov's Weapon Pt 2"]
[Site "SchemingMind.com"]
[Date "2007.11.19"]
[Round "-"]
[White "Ilang"]
[Black "David Hartley"]
[Result "1-0"]
[WhiteCountry "HUN"]
[BlackCountry "ENG"]
[WhiteElo "2274"]
[WhiteRD "74"]
[BlackElo "1875"]
[BlackRD "76"]
[GameID "129281"]

1. e4 e5 2. Nf3 Nc6 3. Bb5 a6 4. Ba4 Nf6 5. O-O Be7 6. Re1 b5 7. Bb3 d6 8. c3 O-O 9. h3 Na5 10. Bc2 c5
11. d4 Qc7 12. Nbd2 cxd4 13. cxd4 Bd7 14. Nf1 Rfe8 15. Ne3 g6 16. b3 Rad8 17. Bb2 Nc6 18. Rc1 Bf8 19. Nd5 Nxd5 20. exd5 Nxd4
21. Nxd4 exd4 22. Qxd4 Re5 23. Be4
1-0